000 01214nam a2200349 a 4500
001 22576
003 SK-KTurca
005 20260401140500.0
008 090726s2006 xo a 000 0 slo d
020 _a8055112401 (viaz.)
035 _a(SVKBBclas03)vtls000247441
040 _aSVKBB
_bslo
_cSVKBB
_eAACR2
041 1 _aslo
_hcze
080 _a087.5
080 _a929 A/Z
080 _a398.9
080 _a81`373.45
100 1 _aElmanová, Olga
245 1 0 _aRozum pod lavicou, alebo čo nenájdeš v učebnici
_búslovia, významné osobnosti, cudzie slová
_cOlga Elmanová ; z českého originálu preložil Rudolf Čižmárik ; ilustrácie Jiří Fixl
260 _aBratislava
_bIkar
_c2006
300 _a263 .
_bilustr.
500 _aPreložené z češtiny
650 1 7 _apríslovia a porekadlá
_2hŠVKBB
650 1 7 _acudzie slová
_2hŠVKBB
650 1 7 _aosobnosti
_2hŠVKBB
655 7 _apublikácie pre mládež
_2hŠVKBB
655 7 _apopulárno-náučné publikácie
_2hŠVKBB
700 1 _aČižmárik, Rudolf,
_d1949-2008,
_eprekladateľ
_4trl
700 1 _aFixl, Jiří,
_d1950-,
_eilustrátor
_4ill
765 0 _tRozum pod lavicí. Slovensky
_aElmanová, Olga
942 _2ddc
_cKLDE
_n0
999 _c22576
_d22576